| 000 | 00755nas a22002177a 4500 | ||
|---|---|---|---|
| 999 |
_c1658 _d1658 |
||
| 003 | OSt | ||
| 005 | 20231121121815.0 | ||
| 008 | 130130s2009||||||||||||||||||||||||||||d | ||
| 040 |
_aCDMR _bcat _cCDMR |
||
| 110 | 2 |
_aReporters Sans Frontières _91923 |
|
| 245 | 0 | 0 |
_aClasificación mundial de la libertad de prensa [recurs electrònic] _c/ Reporteros sin Fronteras |
| 246 | _aInforme anual de la llibertat de premsa | ||
| 300 |
_avol. _b[mapes ;] _c30 cm |
||
| 310 | _aAnual | ||
| 500 | _aDescripció basada en: Informe 2009 | ||
| 610 | 2 | 0 |
_91923 _aReporters Sans Frontières _xInformes |
| 650 | 0 | 4 |
_91574 _aLlibertat d'informació _xRevistes |
| 650 | 0 | 0 |
_92723 _aCensura |
| 856 |
_uhttps://rsf.org/es/clasificacion _zAccés en línia |
||
| 942 |
_cSER-E _2udc |
||